000 00965nam a2200241 i 4500
001 39504
003 ES-MaACL
005 20231226205228.0
007 t|
008 030303s1851 sp f |||| | spa d
130 0 _aCancionero de Baena.
_9119658
245 1 3 _aEl Cancionero de Juan Alfonso de Baena (siglo XV) /
_cahora por primera vez dado a luz, con notas y comentarios [Eugenio de Ochoa, P.J. Pidal].
260 _aMadrid :
_bM. Rivadeneyra,
_c1851.
300 _aLXXXVII, 732 p., [2] h. de lám. col. pleg ;
_c26 cm.
530 _aDisponible en formato digital.
650 4 _aPoesías españolas-
_yHasta S.XV.
_9152332
700 1 _aBaena, Juan Alfonso de.
_924586
700 1 _aOchoa, Eugenio de.
_986476
700 1 _aPidal, Pedro José,
_d1799-1865
_9174879
852 _aES-MaACL
_jB-4776
856 _uhttp://www.bibliotecavirtualdeandalucia.es/catalogo/es/consulta/registro.cmd?id=8091
_zBiblioteca Virtual de Andalucía
999 _c39504
_d39504